Planning for farm plumbing.

Disimpan dalam:
Butiran Bibliografi
Pengarang Korporat: United States. Rural Electrification Administration.
Format: Buku
Bahasa:English
Diterbitkan: Washington, D.C. : Rural Electrification Administration, [193-?]
Subjek-subjek:
Penanda-penanda: Tambah Penanda
Tiada Penanda, Jadilah orang pertama menanda rekod ini!
LEADER 00793cam a2200277Ia 4500
001 010094575-9
005 20060831155750.0
008 951021q19301939dcua f000 0 eng d
016 7 |a CAT10930649  |2 DNAL 
035 0 |a ocm33343055 
040 |a BRL  |c BRL  |d DNU  |d AGL 
070 0 |a 173.2  |b R88Pl 
072 0 |a N100 
086 0 |a Y 3.R 88:2 P 73 
090 |a TH6126  |b .P53 1930z 
245 0 0 |a Planning for farm plumbing. 
246 3 0 |a Farm plumbing 
260 |a Washington, D.C. :  |b Rural Electrification Administration,  |c [193-?] 
300 |a 32 p. :  |b ill. ;  |c 27 cm. 
650 0 |a Plumbing. 
650 0 |a Plumbing  |x Equipment and supplies. 
650 0 |a Water-supply, Rural. 
710 1 |a United States.  |b Rural Electrification Administration. 
988 |a 20060831 
049 |a HLSS 
906 |0 OCLC